Positive factors to drive Indian tyre demand (Record no. 65321)

MARC details
000 -LEADER
fixed length control field 00521nam a2200133Ia 4500
100 ## - MAIN ENTRY--AUTHOR NAME
Personal name Ramakrishnan V G
245 #0 - TITLE STATEMENT
Title Positive factors to drive Indian tyre demand
260 ## - PUBLICATION, DISTRIBUTION, ETC. (IMPRINT)
Name of publisher Rubber Asia
Year of publication 2013
300 ## - PHYSICAL DESCRIPTION
Number of Pages 97-99
520 ## - SUMMARY, ETC.
Summary, etc The Indian tyre demand is certain to grow in the coming years on account of several positives including a growing domestic automobile market, growing urbanization and fast-paced infrastructure developement.
650 ## - SUBJECT ADDED ENTRY--TOPICAL TERM
Topical Term Tyre
942 ## - ADDED ENTRY ELEMENTS (KOHA)
Koha item type Journals
Holdings
Withdrawn status Lost status Damaged status Not for loan Home library Current library Date acquired Serial Enumeration / chronology Koha item type
      Journals RRII Library RRII Library 21/03/2014 Volume 28, Issue 5 Journals